000 00455nam a2200157 4500
001 131693
003 ES-MaACL
005 20230906194029.0
007 t|
008 070214s1970 sp r ||||1| spa d
100 1 _aRodríguez del Castillo, Jesús.
_998485
245 1 1 _a¿Hacia Europa?
_b: ensayo /
_cJesús Rodríguez del Castillo.
260 _aMadrid :
_bEd. Quevedo,
_c1970.
300 _a256 p. ;
_c18 cm.
852 _aES-MaACL
_jC-40393
_bR.76572
999 _c131693
_d131693